000 00672nam a22002417a 4500
003 DO-SdBNP
005 20220711112830.0
008 160721b 1989 ec |||| 00| 0 spa d
020 _a9978800220
040 _aBPMSU
_bspa
_cBPMSU
082 _aV863.42
_bG135d 1988
_222
100 1 _aGallegos, Rómulo,
_d1884-1969
245 1 0 _aDoña Barbara /
_cRómulo Gallegos.
250 _a3a ed.
260 _aQuito, Ecuador :
_bLibresa,
_c1989.
300 _a96 p. ;
_c22 cm.
490 0 _aClásicos de siempre
_v11
590 _6Inventariado, 2022/VM
650 4 _aNovela venezolana
650 4 _aLiteratura venezolana
910 _aBTAVÁREZ/ VMateo V.
942 _2ddc
_cBK
999 _c10998
_d10998